| 000 | 00000nam##2200000za#4500 |
| 001 | 9.696326 |
| 003 | CaOODSP |
| 005 | 20210624235000 |
| 007 | cr ||||||||||| |
| 008 | 150407|2003||||xxc|||||o f|0| 0 eng|d |
| 040 | |aCaOODSP|beng |
| 043 | |an-cn--- |
| 086 | 1 |aH35-4/46-2003E-PDF |
| 110 | 1 |aCanada. |bHealth Canada. |
| 245 | 10|aFirst Nations and Inuit home and community care nursing handbook / |h[electronic resource]|cdrafted by the First Nation and Inuit Home and Community Care Program Nursing Working Group. |
| 260 | |aOttawa - Ontario : |bHealth Canada |cc2003. |
| 300 | |a48p.|bglossary |
| 500 | |aThe catalogue number (H35-4/46-2003E) and ISBN (0-662-35571-7) for the print edition have been incorrectly copied in this electronic publication. |
| 590 | |a12-27-Supp|b2012-06-12 |
| 690 | 07|aHealth care|2gcpds |
| 775 | 08|tGuide des soins infirmiers à domicile et en milieu communautaire des Premières nations et des Inuits / |w(CaOODSP)9.640445 |
| 856 | 40|ahttp://publications.gc.ca|qPDF|s1106 KB|uhttps://publications.gc.ca/collections/collection_2012/sc-hc/H35-4-46-2003-eng.pdf |